000 01176nam0a2200361 4500
001 RU\NLR\bibl\1879171
005 20260409080725.0
010 _a978-5-88503-340-4
_93000
021 _aRU
_b2012-10906
_9818
035 _a(NLR Aleph) 001868954
090 _a2634480
_c2634480
100 _a20120313d2011 |||y0rusy50 ca
101 0 _arus
_aara
102 _aRU
105 _aa |||||||||
200 1 _aВведение в чтение Корана
_eалфавит
205 _aИзд. перераб. и испр.
210 _aМосква
_aСанкт-Петербург
_cДиля
_d2011
215 _a79 с.
_cил.
_d24
300 _aЧасть текста на араб. яз.
320 _aБиблиогр. в конце кн. (5 назв.)
500 _aКоран
_3RU\NLR\auth\559118
_92631165
605 _aКоран
_xИзучение
_92545579
_3RU\NLR\auth\661506693
686 _aЭ38-210.2
801 0 _aRU
_bNLR
_c20120313
_gRCR
801 1 _aRU
_bNLR
_c20120313
852 1 _aNLR
_bОЛСАА-араб
_j3-5631
942 _cBOOK
980 _aNB
980 1 _aARAB